000 00443nam a2200181Ia 4500
001 17600
005 20260306171529.0
008 260306s9999||||xx |||||||||||||| ||und||
041 _aESP
082 _a658.1
_bA49
100 _aAlvarez Insúa, Carlos
_eAUT
245 0 _aCómo hacer de una idea una empresa exitosa
260 _c2000
300 _a254 páginas :
_c24 cm.
650 _aGEN
654 _aCAN
942 _cLIB
_dJUS
_fJUS
_2ddc
_n
999 _c17600
_d17600